Countries with the Largest Cities - Statistics

General Stats
  • This quiz has been taken 221 times
  • The average score is 38 of 44
Answer Stats
Hint Answer % Correct
21 China
100%
13 United States
100%
9 India
99%
2 Russia
98%
1 United Kingdom
98%
3 Brazil
97%
3 Mexico
97%
1 France
96%
2 Germany
96%
3 Japan
96%
3 Indonesia
95%
2 Spain
95%
1 Italy
94%
1 Argentina
93%
1 Canada
93%
1 Colombia
93%
2 Egypt
93%
2 Australia
92%
1 Nigeria
92%
1 South Africa
92%
1 Peru
91%
1 Chile
90%
1 South Korea
90%
2 Pakistan
89%
2 Turkey
89%
1 Democratic Republic of the Congo
88%
1 Iran
88%
1 Vietnam
86%
1 Thailand
85%
1 Saudi Arabia
84%
1 Philippines
83%
2 Bangladesh
82%
1 Iraq
82%
1 Kenya
80%
1 Malaysia
80%
1 Tanzania
76%
1 Singapore
72%
1 Sudan
71%
1 Taiwan
70%
1 Myanmar
68%
1 Angola
63%
1 Ghana
56%
1 Cote D'ivoire
47%
1 Sri Lanka
46%
No matching quizzes found
Score Distribution
Percent of People with Each Score
Percentile by Number Answered
Your Score History
You have not taken this quiz